| 000 | 01002nam a22003017a 4500 | ||
|---|---|---|---|
| 001 | BR2014007062 | ||
| 003 | BR-BrBNA | ||
| 005 | 20230928104526.0 | ||
| 007 | ta | ||
| 008 | 230509b bl.||||| |||| 00| 0 por d | ||
| 040 |
_aBR-BrBNA _bpor _cBiblioteca Nacional de Agricultura |
||
| 041 | _a(Por) | ||
| 072 |
_aF30 _b2120 |
||
| 090 | _ 2120 BR2014007062 | ||
| 100 | 1 | _aAquino, S.O. de | |
| 110 | 1 |
_aUniversidade Federal de Lavras, MG (Brasil) _0Tese (Mestrado) |
|
| 245 | 1 | _aAnálise funcional da região promotora de haplótipos do gene CcDREB1D de Coffea canephora via transformação genética de Nicotiana tacabum cv. SRI | |
| 260 | 3 |
_aLavras, MG (Brasil): _c2014. |
|
| 300 | _a114 p. | ||
| 500 | _aSummaries (Eng, Por); Bibliography p. 96-108; 31 illus.; 2 tables | ||
| 650 | _aCAFE | ||
| 650 | _aRESISTENCIA A SECA | ||
| 650 | _aGENETICA VEGETAL | ||
| 650 | _aMELHORAMENTO GENETICO VEGETAL | ||
| 650 | _aCOFFEA CANEPHORA | ||
| 909 |
_a202309 _bLucia _c55 _dLucia Elande |
||
| 942 | _cBK | ||
| 999 |
_c80397 _d80397 |
||